[Event "Relampago R-029 corr"]
[Site "CXV corr"]
[Date "2001.07.03"]
[Round "?"]
[White "Girardi, Juan Carlos"]
[Black "Lingenover, Peterson"]
[Result "0-1"]
[WhiteElo "1676"]
[BlackElo "1532"]
[PlyCount "26"]
[EventDate "2001.??.??"]
[EventType "tourn (corr)"]
[EventRounds "12"]
[EventCountry "BRA"]
[SourceTitle "Corr 2004"]
[Source "ChessBase"]
[SourceDate "2003.04.28"]
[SourceVersion "3"]
[SourceVersionDate "2003.04.28"]
[SourceQuality "1"]

1. e4 e5 2. Nf3 d6 3. Bc4 Nc6 4. c3 Bg4 5. Qb3 Qd7 6. Ng5 Bh5 7. Nxf7 Na5 8. Qb4 Bxf7 9. Bxf7+ Kxf7 10. Qxa5 Nf6 11. d3 d5 12. exd5 b6 13. Qa6 Qxd5 0-1